Statistics for US States, Countries, and Elements with the same Symbol

Click here to take the quiz!

General Stats

  • This quiz has been taken 54 times
  • The average score is 24 of 39

Answer Stats

CodeUS State% Correct
ALAlabama
100%
COArkansas
96%
LACalifornia
96%
MTColorado
94%
India
92%
Minnesota
92%
SCGeorgia
88%
Indiana
88%
ARAlbania
84%
Louisiana
84%
Montana
84%
South Carolina
84%
Nebraska
80%
Pennsylvania
80%
Maryland
78%
CAAluminum
76%
MNCalcium
69%
INArgon
67%
NEColombia
67%
GAArgentina
63%
PACobalt
63%
MDCanada
59%
Neon
53%
Gabon
51%
Gallium
51%
Laos
49%
Scandium
47%
Indium
45%
Manganese
41%
Panama
41%
Moldova
39%
Lanthanum
33%
Mendelevium
33%
Malta
31%
Mongolia
31%
Meitnerium
24%
Niger
22%
Protactinium
20%
Seychelles
16%

Score Distribution

Percentile by Number Answered

Percent of People with Each Score

Your Score History

You have not taken this quiz